Freakonomics : a rogue economist explores the hidden side of everything (Record no. 188137)

MARC details
000 -LEADER
fixed length control field 00748nam a2200229Ia 4500
008 - FIXED-LENGTH DATA ELEMENTS--GENERAL INFORMATION
fixed length control field 191130s2006##################000#0#eng##
020 ## - INTERNATIONAL STANDARD BOOK NUMBER
ISBN 9780141019017
082 ## - DEWEY DECIMAL CLASSIFICATION NUMBER
Classification number 330 LEV
100 ## - MAIN ENTRY--AUTHOR NAME
Personal name Levitt, Steven D
245 ## - TITLE STATEMENT
Title Freakonomics : a rogue economist explores the hidden side of everything
Statement of responsibility, etc Steven D. Levitt & Stephen J. Dubner
260 ## - PUBLICATION, DISTRIBUTION, ETC. (IMPRINT)
Place of publication London
Name of publisher Penguin
Year of publication 2006
300 ## - PHYSICAL DESCRIPTION
Number of Pages xxvi, 320 p. ; 21 cm
500 ## - GENERAL NOTE
General note Includes bibliographical references and index
650 ## - SUBJECT ADDED ENTRY--TOPICAL TERM
Topical Term Economics - Psychological aspects
Topical Term Economics - Sociological aspects
700 ## - ADDED ENTRY--PERSONAL NAME
Personal name Dubner, Stephen J
991 ## -
-- 24131
Holdings
Withdrawn status Lost status Damaged status Not for loan Home library Current library Shelving location Date acquired Full call number Accession Number Price effective from Koha item type
        Anna Centenary Library Anna Centenary Library 4TH FLOOR, A WING 13.10.2020 330 LEV 412207 13.10.2020 English Books
        Anna Centenary Library Anna Centenary Library 4TH FLOOR, A WING 13.10.2020 330 LEV 468563 13.10.2020 English Books

Find us on the map